Представление документа в формате MARC21

Поле Инд. ПП Название Значение
Тип записи a
Библиографический уровень m
001 Контрольный номер UNIDUBNAd6271cbd0d67448da6a1ca5e25fac175
005 Дата корректировки 20260602140145.2
020 a ISBN 4607071480067
040 b Код языка каталог. rus
041 0_ a Код языка текста rus
084 a Индекс другой классификации/Индекс ББК 72
090 a Полочн. индекс 72
x Авторский знак М 613
100 1_ a Автор Минаева О. Д.
q Полное имя Минаева Ольга Дмитриевна
245 10 a Заглавие Иван Петрович Кулибин; Иван Иванович Ползунов; Ефим Петрович и Мирон Ефимович Черепановы
260 a Место издания Москва
b Издательство Комсомольская правда
c Дата издания 2016
300 a Объем 96 с.
336 a Термин вида содержания Текст
337 a Термин типа средства непосредственный
440 _0 a Серия Великие умы России
650 04 a Основная рубрика наука
653 0_ a Ключевые слова ОКНОиЭК
655 a Жанр/ форма (устаревшее) биография
900 a Имя электронного ресурса obl_Minaeva_Kulibin
x Справочная информация Обложка
901 t Тип документа m
952 a Тип литературы для КСУ ВШ БП